• AIU
  • Tony Wilmot Memorial Library
Normal view MARC view

Entry Topical Term

Number of records used in: 1

001 - CONTROL NUMBER

  • control field: 21896

003 - CONTROL NUMBER IDENTIFIER

  • control field: OSt

005 - DATE AND TIME OF LATEST TRANSACTION

  • control field: 20130717143907.0

008 - FIXED-LENGTH DATA ELEMENTS

  • fixed length control field: 130717|| aca||aabn | a|a d

040 ## - CATALOGING SOURCE

  • Original cataloging agency: OSt
  • Transcribing agency: OSt

600 ## -

  • : Telecommunication
  • : Developing countries.

670 ## - SOURCE DATA FOUND

  • Source citation: Work cat.: (OSt): Sullivan, Nicholas P. 21892, You can hear me now : , c2007.